00310nam a2200121Ia 4500008004100000041001200041082001100053100001700064245007900081260000600160650000600166700001600172221030s9999 xx 000 0 und d aEnglish a105.23 aS. K. Bajpai 0aIntroduction to Computers and C- Programmingcby S. K. Bajpai, D. S. Yadav c0 aB aD. S. Yadav